| 000 | 00769cab a2200217 4500 | ||
|---|---|---|---|
| 001 | ABS53093 | ||
| 008 | 090401t1995 xxu||||| |||| 00| 0 eng d | ||
| 035 | _a(Sirsi) u1986 | ||
| 041 | _aeng | ||
| 100 | _aAtkinson, J. | ||
| 245 | _aGood times ahead for facilities management | ||
| 260 | _c1995 | ||
| 350 | _a0 | ||
| 490 |
_aContract Journal _v378(6027) 1 June 1995, 24-25(2) |
||
| 520 | _aReports on the growth of facilities management, a result of the need for efficiency and cost-cutting in a competitive environment. Includes a table of construction companies offering facilities management services. | ||
| 650 |
_aFACILITIES MANAGEMENT _96240 |
||
| 650 | _aOUTSOURCING | ||
| 690 | _aOFFICE SERVICES AND ADMINISTRATION | ||
| 942 | _n0 | ||
| 948 | _c04/03/1997 | ||
| 999 |
_c1172 _d1172 |
||